Catálogo
 En Linea

Reestructuración del orden internacional : (Registro nro. 25044)

Detalles MARC
000 -CABECERA
campo de control de longitud fija 00924nam a2200229 a 4500
001 - NÚMERO DE CONTROL
campo de control 000025552
005 - FECHA Y HORA DE LA ÚLTIMA TRANSACCIÓN
campo de control 20200930023855.0
008 - DATOS DE LONGITUD FIJA--INFORMACIÓN GENERAL
campo de control de longitud fija 110216s1977 mx a r 000 | spa d
040 ## - FUENTE DE LA CATALOGACIÓN
Centro catalogador/agencia de origen DO-SdBNP
Lengua de catalogación spa
Centro/agencia transcriptor BNPHU
041 ## - CÓDIGO DE LENGUA
Código de lengua del texto/banda sonora o título independiente spa
Código de lengua original eng
Fuente del código Código de idioma MARC
082 ## - NÚMERO DE LA CLASIFICACIÓN DECIMAL DEWEY
Número de clasificación xxx
Número de documento/Ítem R329ó
049 ## - FONDOS LOCALES (OCLC)
Fondos de biblioteca BNGR
240 #0 - TÍTULO UNIFORME
Título uniforme Reshaping the International Order (rio)
Lenguaje de la obra Español
245 10 - MENCIÓN DE TÍTULO
Título Reestructuración del orden internacional :
Resto del título informe al Club de Roma /
Mención de responsabilidad, etc. coordinador Jan Tinbergen ; compilación Anthony J. Dolman; director Jan van Ettinger ; traducción Eduardo L. Suárez.
260 ## - PUBLICACIÓN, DISTRIBUCIÓN, ETC.
Lugar de publicación, distribución, etc. México, D. F. :
Nombre del editor, distribuidor, etc. Fondo de Cultura Económica ,
Fecha de publicación, distribución, etc. 1977.
300 ## - DESCRIPCIÓN FÍSICA
Extensión 526 p. :
Otras características físicas il. ;
Dimensiones 17 cm.
490 1# - MENCIÓN DE SERIE
Mención de serie Popular
Designación de volumen o secuencia 167
534 ## - NOTA SOBRE LA VERSIÓN ORIGINAL
Encabezamiento principal del original Título original :
Mención de título del original Reshaping the International Order (rio)
700 1# - PUNTO DE ACCESO ADICIONAL--NOMBRE DE PERSONA
Nombre de persona Suárez, Eduardo L. ,
Término indicativo de función/relación tr.
9 (RLIN) 50257
700 1# - PUNTO DE ACCESO ADICIONAL--NOMBRE DE PERSONA
Nombre de persona Dolman, Anthony J. ,
Término indicativo de función/relación comp.
9 (RLIN) 52223
830 #0 - PUNTO DE ACCESO ADICIONAL DE SERIE-TÍTULO UNIFORME
Título uniforme Popular ,
Designación de volumen o secuencia 167.
9 (RLIN) 13374
Existencias
Estado de retiro Estado de pérdida Restricciones de uso No para préstamo Código de colección Localización permanente Ubicación/localización actual Ubicación en estantería Fecha de adquisición Número de inventario Total de préstamos Signatura topográfica completa Código de barras Fecha visto por última vez Precio válido a partir de Tipo de ítem Koha
      Excluido de préstamo Monografías: Libros y Folletos General General En catalogación 17.02.2011 LF1   xxx R329ó 25552-10 25.06.2020 25.06.2020 No se presta

Con tecnología Koha